Scooby-Doo!: Mystery Incorporated Monsters - Statistics

General Stats
  • This quiz has been taken 165 times
  • The average score is 13 of 52
Answer Stats
Hint Answer % Correct
Revenge of the ___-____ Man-Crab
55%
The Night the _____ Cried Crybaby Clown
48%
The Night the _____ Cried II:Tears of Doom Crybaby Clown
48%
Where Walks _________ Aphrodite
45%
All Fear the _____ Freak of Crystal Cove
44%
Secret of the Ghost Rig Ghost Truck
44%
The Grasp of the _____ Gnome
44%
The House of the Nightmare Witch Baba Yaga
40%
In Fear of the _______ Phantom
39%
Beware the Beast from Below Slime Mutant
39%
Web of the ___________ Dreamweaver
37%
Howl of the ______ _____ Fright Hound
36%
The Secret Serum Vampire
35%
The _____ of Horror Hodag
33%
N_________t Nightfright
33%
Menace of the _________ Manticore
32%
Escape From Mystery Manor Danny Darrow
29%
D___ J______ Piranha-Goat | Dead Justice
29%
The Legend of _____ ___ Ghost Girl
28%
The Song of Mystery Que Horrifico
28%
The Siren's Song Fish Freaks
27%
Art of Darkness! Junk
25%
The Dragon's Secret White Wizard | Red Wizard
25%
The ________ Creatures Creeping Creatures
24%
Come Undone Evil Entity | Kriegstaffebots
24%
Through the Curtain Evil Entity | Kriegstaffebots | Rock Monster
24%
Attack of the ________ ______ Headless Horror
24%
Wrath of the _______ Krampus
24%
When the ______ Calls Cicada Creature
23%
The H_______ H___ Horrible Herd
23%
The Shrieking Madness Char Gar Gothakon
21%
Grim Judgement Hebediah Grim
21%
Pawn of Shadows Obliteratrix
21%
The Gathering Gloom Graveyard Ghoul
20%
Mystery Solvers Club State Finals Lord Infernicus
20%
S_______r Scarebear
20%
The Wild Brood Shadowy Orc
19%
Stand and Deliver Dandy Highwayman
17%
Dance of the Undead Rude Boy and the Ska-Tastics
17%
Night on Haunted Mountain Dark Lilith
15%
Heart of Evil Dragon
15%
Battle of the ____________ Green Humungonaut | Red Humungonaut
12%
A Haunting in Crystal Cove Shadowy Figure
12%
The Devouring Gluten Demon
11%
Night Terrors Fiend
9%
The Midnight Zone Ghost of Abigail Gluck | Kriegstaffebots
9%
Aliens Among Us Grey Alien | Nordic Alien | Reptoid
9%
Gates of Gloom Kriegstaffebots
9%
Theater of the Doomed Mummy of Friar Serra
9%
The Man in the Mirror Skele-Bots | Kriegstaffebots
9%
Nightmare in Red Monstrous Freak
7%
Dark NIght of the Hunters Priestess
4%
No matching quizzes found
Score Distribution
Percent of People with Each Score
Percentile by Number Answered
Your Score History
You have not taken this quiz